000 01100nam a22002657a 4500
003 CSPC
005 20250210134302.0
007 ta
008 250210s2018 ph a mabs 000 0 eng
040 _cCSPC
090 _aUTH BSOA M312o
100 _aManchete, Maria Adeline C.
_eauthor.
245 _aOn-the-job training preparedness of Bachelor of Science in Office Administration students of Camarines Sur Polytechnic Colleges /
_cMaria Adeline C. Manchete
264 _aBuhi, Camarines Sur :
_bCamarines Sur Polytechnic Colleges ;
_c2018.
300 _axv, 95 leaves :
_billustrations ;
_c28 cm.
502 _aUndergraduate Theses (BSOA) Office Administration
_cCamarines Sur Polytechnic Colleges
700 _aNaron, Regine O.
_eauthor.
700 _aRomano, Jessa Mae C.
_eauthor.
720 _aPenetrante, Nancy S. MBA
_eadviser.
720 _aManzano, Maria Teresa J. PhD
_epanelist chairman
720 _aZaballa, Helen V. LPT
_epanelist member
720 _aFederis, Melany C. MBM
_epanelist member
942 _2ddc
_n0
_cUM
_kUTH
_m2018
999 _c28802
_d28802